000 00707nam a2200277Ia 4500
005 20260121125610.0
008 008 260114s9999 xx 000 0 eng d
020 _a9781685851132
037 _aEBOOK
040 _aCRL
040 _beng
040 _cCRL
041 _2eng
041 _aeng
084 _qCRL
100 _aTherien, Jean Philippe
_9995706
245 0 _aForeign Policy and Regionalism in the Americas
260 _bWalter de Gruyter
260 _bWalter de Gruyter
650 _aPolitical Science
_9995707
700 _a Mace, Gordon
_9995708
856 _uhttp://www.degruyter.com/isbn/9781685851132
942 _cEBOOK
999 _c1563140
_d1563140